[Event "FRA-ch U16 Girls"]
[Site "Calvi"]
[Date "2005.04.19"]
[Round "3"]
[White "Lacombe, Marjorie"]
[Black "Draillard, Margot"]
[Result "1-0"]
[WhiteElo "1580"]
[BlackElo "1760"]
[PlyCount "91"]
[EventDate "2005.04.??"]
[EventType "swiss"]
[EventRounds "9"]
[EventCountry "FRA"]
[SourceTitle "EXT 2006"]
[Source "ChessBase"]
[SourceDate "2005.11.24"]
[SourceVersion "1"]
[SourceVersionDate "2005.11.24"]
[SourceQuality "1"]

1. e4 e6 2. d4 d5 3. Nc3 Nf6 4. Bg5 Be7 5. e5 Nfd7 6. h4 Bxg5 7. hxg5 Qxg5 8. Nh3 Qe7 9. Nf4 c5 10. Nb5 Qd8 11. Nd6+ Ke7 12. Qg4 Kf8 13. Nxe6+ fxe6 14. Qf4+ Nf6 15. exf6 gxf6 16. dxc5 Ke7 17. Qh6 Kd7 18. Bb5+ Kc7 19. Nf7 Qf8 20. Nxh8 Qxh8 21. Qxh7+ Qxh7 22. Rxh7+ Kd8 23. 0-0-0 a6 24. Ba4 Nc6 25. c4 Ne7 26. cxd5 exd5 27. Re1 Nc6 28. Bxc6 bxc6 29. Ree7 Bf5 30. Rhg7 Rb8 31. Ref7 Ke8 32. Rxf6 Bd7 33. Rh6 Kd8 34. Rh8+ Kc7 35. Rxb8 Kxb8 36. Rxd7 a5 37. g4 Kc8 38. Rh7 Kd8 39. g5 Ke8 40. g6 Kf8 41. Ra7 Kg8 42. f4 Kf8 43. f5 a4 44. f6 Ke8 45. g7 a3 46. g8R# 1-0